000 01210nam a22002657a 4500
005 20240530110517.0
008 160207s2012 ua adkog b 000 0 ara d
017 _a2112/2417
_bمصر . دار الكتب المصرية
020 _a9789777165051
040 _aEG-CaGPL
082 0 4 _221
_a371.33\
_bأ ت
100 0 _aابراهيم عبدالوكيل الفار
245 1 0 _aتربويات :
_bتكنولوجيا القرن الحادى و العشرون تكنولوجيات ( ويب . ، 2 ) /
_cتاليف ابراهيم عبدالوكيل الفار
250 _aط1
260 _aطنطا :
_bالدلتا لتكنولوجيا الحاسبات ،
_c2012 .
300 _a741 ص :
_bايض ؛
_c24 سم .
490 _aسلسلة تربويات الحاسوب : استخدام الحاسوب و تكنولوجياغ المعلومات فى التربية ؛
_v8
504 _aيشتمل على ارجاعات ببليوجرافية
650 0 4 _aتكنولوجيا التعليم
650 0 4 _aالتعليم الالكترونى
650 0 4 _aطرق التدريس
650 0 4 _aمهارات التعلم الشخصى
942 _2ddc
_cBK
999 _c61811
_d61811